[Event "Nikolaev zt"]
[Site "Nikolaev"]
[Date "1993.??.??"]
[Round "?"]
[White "Maksimenko, Andrei"]
[Black "Savon, Vladimir A"]
[Result "0-1"]
[WhiteElo "2435"]
[BlackElo "2415"]
[Annotator "Chekhov,V"]
[PlyCount "66"]
[EventDate "1993.03.??"]
[EventType "swiss"]
[EventRounds "11"]
[EventCountry "RUS"]
[SourceTitle "CBM 035"]
[Source "ChessBase"]
[SourceDate "1993.08.01"]
[SourceVersion "1"]
[SourceVersionDate "1993.08.01"]
[SourceQuality "1"]

1. d4 Nf6 2. c4 e6 3. Nc3 Bb4 4. Qc2 O-O 5. a3 Bxc3+ 6. Qxc3 b6 7. Bg5 Bb7 8.
f3 d6 (8... d5 $5) (8... c5 $5) 9. e3 (9. e4 $5 c5 10. d5 Nbd7 11. Nh3 h6 (
11... exd5 12. cxd5 a6 13. Bd3 h6 14. Bf4 Qe7 15. O-O $14 {Kasparov-Hjartarson/
Reykjavik/1988/}) 12. Bf4 $14 {Hjartarson-Salov/Barcelona/1989/}) 9... Nbd7 10.
Bd3 (10. Nh3 $5 c5 11. dxc5 bxc5 12. Be2 a5 13. Rd1 h6 14. Bf4 (14. Bh4 Ne4 15.
Bxd8 Nxc3 16. bxc3 Rfxd8 17. Rxd6 Ne5 18. Rxd8+ Rxd8 $44 {Zaitsev-Kimelfeld/
SSSR/1989/}) 14... e5 $5 $10 {Karpov-Andersson/Haninge/1990/}) 10... Rc8 (10...
h6 11. Bh4 e5 12. Bf5 $6 (12. e4 $5 {Legky}) 12... exd4 13. exd4 Re8+ 14. Ne2
Nd5 $1 15. Bxd8 Nxc3 16. bxc3 Raxd8 $15 {Ilincic-Legky/Novi Bezy/1991/}) 11.
Ne2 c5 12. Qd2 (12. Qb3 $5 h6 13. Bh4 d5 $6 (13... cxd4 14. exd4 e5 15. Bf5 g5
$132 {Razuvaev}) 14. cxd5 Bxd5 15. Qd1 $14 {Sokolov,I-Georgiev,Kir/Burgas/1992/
}) 12... Ba6 (12... h6 13. Bh4 cxd4 14. exd4 Ba6 15. Rc1 d5 16. b3 (16. cxd5 $5
) 16... dxc4 17. bxc4 e5 18. O-O exd4 19. Ng3 $5 Nc5 20. Nh5 Nfe4 21. Qe1 Ng5
$132 {Nikolic,Pr-Short,N/Tilburg/1988/}) 13. Rc1 Re8 $5 $146 (13... h6 14. Bh4
cxd4 15. exd4 d5 16. cxd5 Bxd3 17. dxe6 Bxe2 18. Rxc8 Qxc8 19. exd7 Qxd7 20.
Kxe2 Re8+ $1 (20... g5 21. Bg3 Re8+ 22. Be5 Nh5 23. Kd1 Rd8 24. h4 $16) 21. Kf2
Ne4+ $1 $10 {Flear,G-Summermatter/Ciasso/1991/}) 14. b4 h6 15. Bh4 Ne4 $5 (
15... cxd4 16. exd4 d5 17. c5 Bxd3 18. Qxd3 bxc5 19. bxc5 e5 20. c6 exd4 21.
Qxd4 Ne5 $17) (15... d5 16. b5 Bb7 17. O-O $14) 16. Bxd8 (16. Bxe4 Qxh4+ 17. g3
Qe7 18. b5 f5 19. bxa6 fxe4 20. fxe4 e5 21. d5 Nb8) 16... Nxd2 17. Bh4 (17.
Kxd2 Rexd8 $10) (17. Bxb6 Nxf3+) 17... Nb3 18. Rc3 d5 $8 19. cxd5 (19. b5 cxd4
20. Rxb3 (20. exd4 $2 dxc4 21. Bxc4 Na5) 20... dxc4 21. Bxc4 Rxc4 22. bxa6 Nc5
$1 (22... d3 23. Rxd3) 23. Rb1 d3 (23... dxe3 $5 $132) 24. Nd4 e5) 19... Bxd3
20. Rxd3 $6 (20. dxe6 $5 Rxe6 21. Rxd3 c4 22. Rc3 a5 23. e4 axb4 24. axb4 b5
25. Kf2 $16) 20... c4 21. dxe6 Ndc5 $1 22. Rc3 Nd3+ (22... Na4 23. Rc2 Rxe6 24.
e4 $16) 23. Kd1 a5 $5 (23... Rxe6 24. e4) 24. bxa5 b5 25. Kc2 (25. exf7+ $5
Kxf7 26. e4) 25... Rxe6 26. Rxb3 (26. e4 b4 $1 27. axb4 (27. Rxb3 cxb3+ 28.
Kxd3 bxa3) 27... Nxb4+ 28. Kb2 Ra6 $132) 26... Rxe3 27. Rxb5 Rxe2+ 28. Kc3 Nf4
29. a6 $142 $6 (29. Bg3 $5) 29... Ra2 30. Ra5 Ne2+ 31. Kb4 Nxd4 $2 (31... Rb2+
32. Ka4 Nc3#) 32. Ka4 c3 33. a7 $4 (33. Be7) 33... Rc4# 0-1

[Event "Kurgan"]
[Site "Kurgan"]
[Date "1993.??.??"]
[Round "?"]
[White "Savon, Vladimir A"]
[Black "Chuprov, A."]
[Result "1-0"]
[WhiteElo "2450"]
[BlackElo "2405"]
[PlyCount "85"]
[EventDate "1993.12.??"]
[EventType "tourn"]
[EventRounds "13"]
[EventCountry "RUS"]
[EventCategory "8"]
[SourceTitle "CBM 038 Extra"]
[Source "ChessBase"]
[SourceDate "1994.03.01"]
[SourceVersion "1"]
[SourceVersionDate "1994.03.01"]
[SourceQuality "1"]

1. e4 c5 2. Nf3 e6 3. d4 cxd4 4. Nxd4 a6 5. Nd2 d6 6. g3 Nf6 7. Bg2 Be7 8. O-O
O-O 9. b3 Bd7 10. Bb2 Nc6 11. Nxc6 Bxc6 12. e5 Nd5 13. Nc4 dxe5 14. Nxe5 Bf6
15. Qe2 Bxe5 16. Qxe5 Qf6 17. Qxf6 Nxf6 18. Bxc6 bxc6 19. Rfe1 Rfd8 20. Bxf6
gxf6 21. Rad1 Rd5 22. c4 Rdd8 23. Kf1 Kf8 24. Ke2 Ke7 25. Rxd8 Rxd8 26. Rd1 Rb8
27. Kd3 h5 28. Kc3 h4 29. c5 hxg3 30. hxg3 a5 31. a3 f5 32. Rd6 Rc8 33. a4 Rc7
34. b4 axb4+ 35. Kxb4 Rb7+ 36. Ka3 Rc7 37. a5 Ra7 38. Ka4 Ra6 39. Rd4 Ra7 40.
Rb4 Kd7 41. Rb6 e5 42. a6 Ke6 43. Rxc6+ 1-0

[Event "Kurgan"]
[Site "Kurgan"]
[Date "1993.??.??"]
[Round "?"]
[White "Savon, Vladimir A"]
[Black "Magomedov, Magaram"]
[Result "1-0"]
[WhiteElo "2450"]
[BlackElo "2435"]
[PlyCount "83"]
[EventDate "1993.12.??"]
[EventType "tourn"]
[EventRounds "13"]
[EventCountry "RUS"]
[EventCategory "8"]
[SourceTitle "CBM 038 Extra"]
[Source "ChessBase"]
[SourceDate "1994.03.01"]
[SourceVersion "1"]
[SourceVersionDate "1994.03.01"]
[SourceQuality "1"]

1. d4 d5 2. c4 e6 3. Nf3 c5 4. cxd5 exd5 5. g3 Nf6 6. Bg2 Be7 7. O-O O-O 8. Nc3
Nc6 9. dxc5 Bxc5 10. b3 Bg4 11. Bb2 Qd7 12. Rc1 Be7 13. Nb5 Ne4 14. Nfd4 a6 15.
Nc3 Nxd4 16. Qxd4 Bf6 17. Qxd5 Qxd5 18. Nxd5 Bxb2 19. Rc2 Nxf2 20. Rxb2 Nh3+
21. Kh1 Rae8 22. Nf4 Nxf4 23. Rxf4 Bc8 24. Kg1 g6 25. Kf2 Re7 26. Re4 Rfe8 27.
Rxe7 Rxe7 28. Rd2 Rc7 29. Rd6 Kf8 30. Rb6 Ke7 31. Bd5 Rd7 32. e4 f5 33. Be6 Rc7
34. Bxc8 Rxc8 35. Rxb7+ Kf6 36. Rb6+ Ke5 37. exf5 Rc2+ 38. Kf3 Rxa2 39. f6 Ra1
40. Kg4 a5 41. Kg5 Rf1 42. Kh6 1-0

[Event "Orel"]
[Site "Orel"]
[Date "1994.??.??"]
[Round "8"]
[White "Savon, Vladimir A"]
[Black "Popov, Valerij"]
[Result "1-0"]
[WhiteElo "2435"]
[BlackElo "2395"]
[PlyCount "84"]
[EventDate "1994.??.??"]
[EventType "tourn"]
[EventRounds "11"]
[EventCountry "RUS"]
[EventCategory "8"]
[SourceTitle "CBM 042"]
[Source "ChessBase"]
[SourceDate "1994.10.01"]
[SourceVersion "1"]
[SourceVersionDate "1994.10.01"]
[SourceQuality "1"]

1. d4 Nf6 2. c4 e6 3. Nf3 c5 4. d5 b5 5. cxb5 exd5 6. e3 Be7 7. Be2 Bb7 8. O-O
O-O 9. Nc3 d6 10. b3 a6 11. Bb2 axb5 12. Nxb5 Na6 13. Qb1 Ne4 14. Rd1 f5 15.
Nd2 Ng5 16. f4 Ne6 17. Bf3 Qd7 18. a4 Nac7 19. Nxc7 Nxc7 20. Nf1 Bc6 21. Qc2
Rab8 22. Bc3 Bf6 23. Bxf6 Rxf6 24. a5 Qc8 25. Qd3 Qb7 26. a6 Qa8 27. Ng3 g6 28.
Ra5 Re6 29. a7 Rbe8 30. Nf1 Qb7 31. Rda1 R6e7 32. h3 Ra8 33. g4 fxg4 34. hxg4
Ne8 35. g5 Nc7 36. Kf2 Rf8 37. Kg3 Ne6 38. Nh2 Qa8 39. Ng4 Kg7 40. Nf6 Rxf6 41.
gxf6+ Kxf6 42. Ra6 Nc7 1-0

[Event "Orel2"]
[Site "Orel"]
[Date "1994.??.??"]
[Round "6"]
[White "Savon, Vladimir A"]
[Black "Kazhgaleyev, Murtas"]
[Result "1-0"]
[WhiteElo "2425"]
[BlackElo "2490"]
[PlyCount "97"]
[EventDate "1994.??.??"]
[EventType "tourn"]
[EventRounds "9"]
[EventCountry "RUS"]
[EventCategory "8"]
[SourceTitle "EXT 1997"]
[Source "ChessBase"]
[SourceDate "1996.11.15"]
[SourceVersion "1"]
[SourceVersionDate "1996.11.15"]
[SourceQuality "1"]

1. d4 Nf6 2. c4 g6 3. Nc3 Bg7 4. e4 d6 5. Nf3 O-O 6. Be2 Na6 7. Bf4 Qe8 8. e5
Nd7 9. O-O dxe5 10. dxe5 Ndc5 11. Qd2 b6 12. Rad1 Bb7 13. Nd4 c6 14. Bh6 Bxe5
15. Bxf8 Kxf8 16. Qe3 Bg7 17. f4 Nc7 18. b4 N5e6 19. Nxe6+ Nxe6 20. f5 Nc7 21.
Ne4 Kg8 22. Qg3 Na6 23. a3 Rd8 24. fxg6 hxg6 25. Ng5 Rxd1 26. Rxd1 c5 27. b5
Bd4+ 28. Rxd4 cxd4 29. bxa6 Bxa6 30. Qh4 Kg7 31. Qxd4+ e5 32. Qd6 Bc8 33. Qc7
Bf5 34. Qxa7 Qd8 35. Qxf7+ Kh6 36. Nf3 e4 37. Qd5 Qxd5 38. cxd5 exf3 39. Bxf3
Kg5 40. Kf2 Kf4 41. g3+ Ke5 42. Ke3 g5 43. h4 gxh4 44. gxh4 Bh7 45. h5 Bf5 46.
h6 Bh7 47. Be4 Bg8 48. d6 Kxd6 49. Kd4 1-0

[Event "St Petersburg"]
[Site "St Petersburg"]
[Date "1994.??.??"]
[Round "?"]
[White "Peregudov, Nickolai"]
[Black "Savon, Vladimir A"]
[Result "0-1"]
[WhiteElo "2470"]
[BlackElo "2435"]
[PlyCount "38"]
[EventDate "1994.??.??"]
[EventType "tourn"]
[EventRounds "14"]
[EventCountry "RUS"]
[EventCategory "9"]
[SourceTitle "EXT 1998"]
[Source "ChessBase"]
[SourceDate "1997.11.17"]
[SourceVersion "1"]
[SourceVersionDate "1997.11.17"]
[SourceQuality "1"]

1. e4 c6 2. d4 d5 3. f3 dxe4 4. fxe4 e5 5. Nf3 Bg4 6. Bc4 Nd7 7. O-O Ngf6 8. c3
Bd6 9. Qb3 O-O 10. Qxb7 exd4 11. cxd4 Nb6 12. Bb3 Nxe4 13. Qxc6 Bxf3 14. Rxf3
Qh4 15. g3 Qg4 16. Rf4 Bxf4 17. Qxe4 Rae8 18. Bxf7+ Kh8 19. Bxe8 Be3+ 0-1

[Event "St Petersburg"]
[Site "St Petersburg"]
[Date "1994.??.??"]
[Round "?"]
[White "Smagin, Sergey"]
[Black "Savon, Vladimir A"]
[Result "0-1"]
[WhiteElo "2545"]
[BlackElo "2435"]
[PlyCount "94"]
[EventDate "1994.??.??"]
[EventType "tourn"]
[EventRounds "14"]
[EventCountry "RUS"]
[EventCategory "9"]
[SourceTitle "EXT 1998"]
[Source "ChessBase"]
[SourceDate "1997.11.17"]
[SourceVersion "1"]
[SourceVersionDate "1997.11.17"]
[SourceQuality "1"]

1. e4 c5 2. c3 d5 3. exd5 Qxd5 4. d4 Nf6 5. Nf3 e6 6. Be3 cxd4 7. cxd4 Be7 8.
Nc3 Qd8 9. Bd3 O-O 10. Qc2 Nc6 11. a3 h6 12. Rd1 Nd5 13. O-O Bd7 14. Bc1 Rc8
15. Qe2 Re8 16. Bb1 Bf8 17. Qd3 g6 18. h4 Nxc3 19. bxc3 Qa5 20. Ba2 Bg7 21. c4
e5 22. d5 Nd4 23. Nxd4 exd4 24. Bb2 b5 25. Bxd4 bxc4 26. Bxc4 Bxd4 27. Qxd4
Qxa3 28. Qf4 Qc5 29. Rc1 Qf8 30. Ba6 Rc5 31. Rxc5 Qxc5 32. Rd1 h5 33. d6 Qe5
34. Qb4 Kg7 35. Bc4 Qe4 36. Qc3+ Qe5 37. Qb3 Bg4 38. f3 Bxf3 39. Rf1 Qd4+ 40.
Kh2 Qxh4+ 41. Kg1 Qd4+ 42. Kh1 Re3 43. Qa2 Bxg2+ 44. Qxg2 Qxc4 45. Qb2+ Qc3 46.
Qf2 f6 47. Rd1 Rf3 0-1

[Event "St Petersburg"]
[Site "St Petersburg"]
[Date "1994.??.??"]
[Round "?"]
[White "Yemelin, Vasily"]
[Black "Savon, Vladimir A"]
[Result "0-1"]
[WhiteElo "2475"]
[BlackElo "2435"]
[PlyCount "98"]
[EventDate "1994.??.??"]
[EventType "tourn"]
[EventRounds "14"]
[EventCountry "RUS"]
[EventCategory "9"]
[SourceTitle "EXT 1998"]
[Source "ChessBase"]
[SourceDate "1997.11.17"]
[SourceVersion "1"]
[SourceVersionDate "1997.11.17"]
[SourceQuality "1"]

1. e4 c5 2. Nf3 d6 3. d4 cxd4 4. Nxd4 Nf6 5. Nc3 a6 6. Be2 e6 7. f4 Qc7 8. O-O
Be7 9. Be3 Nc6 10. Qe1 O-O 11. Qg3 Nxd4 12. Bxd4 b5 13. a3 Bb7 14. Kh1 Bc6 15.
Rae1 Qb7 16. Bd3 b4 17. Bxf6 Bxf6 18. e5 Bxe5 19. fxe5 bxc3 20. bxc3 dxe5 21.
Rxe5 Rad8 22. c4 Rd4 23. Rg5 g6 24. h4 Be4 25. h5 Bxd3 26. cxd3 Rfd8 27. Rf3
Rxd3 28. Rxd3 Qb1+ 29. Kh2 Qxd3 30. c5 Qxg3+ 31. Rxg3 Kf8 32. Rc3 Ke7 33. Kg3
Rd5 34. c6 Kd8 35. hxg6 hxg6 36. Rb3 Rg5+ 37. Kh3 Rb5 38. Rd3+ Rd5 39. Rb3 Rc5
40. Rb7 f5 41. Rb6 Kc7 42. Rxa6 g5 43. a4 Rxc6 44. Ra7+ Kd6 45. a5 Ke5 46. Ra8
Rc3+ 47. Kh2 Ra3 48. a6 Kf4 49. a7 g4 0-1

[Event "Volgograd"]
[Site "Volgograd"]
[Date "1994.??.??"]
[Round "7"]
[White "Savon, Vladimir A"]
[Black "Ayapbergenov, A."]
[Result "1-0"]
[WhiteElo "2435"]
[BlackElo "2420"]
[PlyCount "81"]
[EventDate "1994.??.??"]
[EventType "tourn"]
[EventRounds "13"]
[EventCountry "NED"]
[EventCategory "8"]
[SourceTitle "CBM 041"]
[Source "ChessBase"]
[SourceDate "1994.08.01"]
[SourceVersion "1"]
[SourceVersionDate "1994.08.01"]
[SourceQuality "1"]

1. d4 d5 2. Nf3 c6 3. Bg5 Qb6 4. Qc1 Bf5 5. e3 f6 6. Bf4 Nd7 7. Be2 g5 8. Bg3
e6 9. c4 h5 10. h4 g4 11. Nfd2 Bh6 12. Nc3 Ne7 13. Bd6 Bg6 14. Bxe7 Kxe7 15. g3
Rhe8 16. Nb3 Kf7 17. Qd2 Bf8 18. O-O Kg7 19. Rac1 Qd8 20. Bd3 Bf7 21. cxd5 exd5
22. Ne2 Bd6 23. Nc5 Rb8 24. Bf5 Nf8 25. b4 Qe7 26. a4 Rbd8 27. Qd3 Ng6 28. Qb1
Bxc5 29. bxc5 Qc7 30. Rc3 Re7 31. Rb3 Rb8 32. Qc2 Qa5 33. Ra1 Rc7 34. Qc3 Qxc3
35. Nxc3 Ne7 36. Bd3 Be6 37. Rab1 Bf5 38. Bxf5 Nxf5 39. a5 a6 40. Rb6 Re7 41.
Ne2 1-0

[Event "Ceske Budejovice op"]
[Site "Ceske Budejovice"]
[Date "1995.??.??"]
[Round "3"]
[White "Savon, Vladimir A"]
[Black "Turov, Maxim"]
[Result "1-0"]
[WhiteElo "2415"]
[BlackElo "2375"]
[PlyCount "117"]
[EventDate "1995.??.??"]
[EventType "swiss"]
[EventRounds "9"]
[EventCountry "CZE"]
[SourceTitle "EXT 1997"]
[Source "ChessBase"]
[SourceDate "1996.11.15"]
[SourceVersion "1"]
[SourceVersionDate "1996.11.15"]
[SourceQuality "1"]

1. d4 Nf6 2. Nf3 g6 3. c4 Bg7 4. Nc3 d5 5. e3 O-O 6. Bd2 c5 7. dxc5 dxc4 8.
Bxc4 Qc7 9. Rc1 Qxc5 10. Nb5 Nd5 11. Qb3 a6 12. Bxd5 Qxb5 13. Bxf7+ Kh8 14. Bc3
Nc6 15. Bd5 Bd7 16. Qxb5 axb5 17. Ke2 Bxc3 18. Rxc3 Nb4 19. Bb3 Bc6 20. a3 Na6
21. Rd1 b4 22. axb4 Nxb4 23. Rd4 Bb5+ 24. Bc4 Bxc4+ 25. Rcxc4 Nc6 26. Rd5 Ra2
27. Rb5 Rd8 28. Nd4 Nxd4+ 29. Rxd4 Rxd4 30. exd4 Ra7 31. Ke3 Kg7 32. Ke4 Kf6
33. Rb6+ Kf7 34. h4 Ke8 35. g4 Kd8 36. h5 gxh5 37. gxh5 Ra5 38. d5 Ra4+ 39. Ke5
Rh4 40. Rh6 Rh2 41. Rxh7 Rxf2 42. b4 Kd7 43. h6 Rf6 44. Rh8 Kc7 45. Re8 Rxh6
46. Rxe7+ Kc8 47. Kd4 Rh2 48. Kc5 Rh6 49. d6 Rg6 50. b5 Rh6 51. Rc7+ Kb8 52. b6
Rh5+ 53. Kd4 Rh4+ 54. Ke5 Rh5+ 55. Kf4 Rh6 56. d7 Rh8 57. Rc5 Rh4+ 58. Kg5 Rh8
59. Rd5 1-0

[Event "Ceske Budejovice op"]
[Site "Ceske Budejovice"]
[Date "1995.??.??"]
[Round "9"]
[White "Savon, Vladimir A"]
[Black "Blehm, Pawel"]
[Result "1-0"]
[WhiteElo "2415"]
[BlackElo "2340"]
[PlyCount "67"]
[EventDate "1995.??.??"]
[EventType "swiss"]
[EventRounds "9"]
[EventCountry "CZE"]
[SourceTitle "EXT 1997"]
[Source "ChessBase"]
[SourceDate "1996.11.15"]
[SourceVersion "1"]
[SourceVersionDate "1996.11.15"]
[SourceQuality "1"]

1. d4 Nf6 2. Nf3 g6 3. c4 Bg7 4. Nc3 d6 5. g3 O-O 6. Bg2 Bg4 7. h3 Bxf3 8. Bxf3
Nc6 9. e3 Nd7 10. h4 e5 11. d5 Ne7 12. h5 f5 13. e4 Nf6 14. hxg6 hxg6 15. Be3
c6 16. dxc6 bxc6 17. Qd2 Nxe4 18. Nxe4 fxe4 19. Bxe4 d5 20. Bc5 dxe4 21. Qxd8
Rfxd8 22. Bxe7 Rd7 23. Bc5 Bf8 24. Be3 Rb8 25. b3 a5 26. Rh4 a4 27. Rxe4 Bb4+
28. Ke2 Bc3 29. Rd1 axb3 30. axb3 Rxd1 31. Kxd1 Rxb3 32. Kc2 Ra3 33. Bc5 Ra5
34. Kxc3 1-0

[Event "Orel"]
[Site "Orel"]
[Date "1995.??.??"]
[Round "1"]
[White "Savon, Vladimir A"]
[Black "Tunik, Gennady"]
[Result "1-0"]
[WhiteElo "2390"]
[BlackElo "2530"]
[PlyCount "79"]
[EventDate "1995.??.??"]
[EventType "tourn"]
[EventRounds "9"]
[EventCountry "RUS"]
[EventCategory "10"]
[SourceTitle "CBM 048"]
[Source "ChessBase"]
[SourceDate "1995.10.01"]
[SourceVersion "1"]
[SourceVersionDate "1995.10.01"]
[SourceQuality "1"]

1. d4 Nf6 2. Nf3 e6 3. c4 b6 4. e3 Bb7 5. Bd3 d5 6. O-O Nbd7 7. b3 Bd6 8. Bb2
O-O 9. Nc3 Ne4 10. Rc1 a6 11. Ne2 Qe7 12. Ng3 f5 13. Ne5 Nxe5 14. dxe5 Bc5 15.
cxd5 Nxg3 16. d6 cxd6 17. hxg3 d5 18. Qe2 a5 19. a4 Rac8 20. Rc2 Qg5 21. Bb5
Rf7 22. Rd1 h5 23. Bd4 h4 24. gxh4 Qxh4 25. g3 Qh6 26. Kg2 Rfc7 27. Rh1 Qg6 28.
Rh4 Qf7 29. Rc1 Be7 30. Rxc7 Rxc7 31. Rh1 Bc5 32. Qd2 Qe7 33. Qd1 Bxd4 34. exd4
Qf7 35. Rh4 Qg6 36. Qh1 Qg5 37. Rh8+ Kf7 38. Qh7 Rc8 39. Rxc8 Bxc8 40. Qh8 1-0

[Event "Orel"]
[Site "Orel"]
[Date "1995.??.??"]
[Round "6"]
[White "Savon, Vladimir A"]
[Black "Lempert, Igor"]
[Result "1-0"]
[WhiteElo "2390"]
[BlackElo "2510"]
[PlyCount "79"]
[EventDate "1995.??.??"]
[EventType "tourn"]
[EventRounds "9"]
[EventCountry "RUS"]
[EventCategory "10"]
[SourceTitle "CBM 048"]
[Source "ChessBase"]
[SourceDate "1995.10.01"]
[SourceVersion "1"]
[SourceVersionDate "1995.10.01"]
[SourceQuality "1"]

1. d4 e6 2. c4 b6 3. a3 Bb7 4. Nc3 f5 5. d5 Nf6 6. Nf3 Na6 7. Bg5 h6 8. Bxf6
Qxf6 9. Qc2 O-O-O 10. O-O-O g5 11. g3 Bg7 12. Bg2 Nc5 13. Nd4 Rhf8 14. e3 e5
15. Nb3 Nxb3+ 16. Qxb3 e4 17. Kb1 Qe5 18. Rd2 Kb8 19. Rc1 h5 20. c5 bxc5 21.
Na4 Ka8 22. Nxc5 Bc8 23. d6 cxd6 24. f4 gxf4 25. gxf4 Qxc5 26. Rxc5 dxc5 27.
Bf1 Bb7 28. Bc4 Rf6 29. Bd5 Rb6 30. Bxb7+ Rxb7 31. Qd5 Rdb8 32. Ka2 c4 33. a4
a6 34. Rc2 Ka7 35. Qc5+ Ka8 36. Qxc4 Bxb2 37. Qxa6+ Ra7 38. Qc4 Bh8 39. Qd5+
Rab7 40. Rc5 1-0

[Event "Pardubice op"]
[Site "Pardubice"]
[Date "1995.??.??"]
[Round "?"]
[White "Savon, Vladimir A"]
[Black "Swol, Michal"]
[Result "1-0"]
[WhiteElo "2415"]
[BlackElo "2325"]
[PlyCount "83"]
[EventDate "1995.07.??"]
[EventType "swiss"]
[EventRounds "9"]
[EventCountry "CZE"]
[SourceTitle "EXT 1997"]
[Source "ChessBase"]
[SourceDate "1996.11.15"]
[SourceVersion "1"]
[SourceVersionDate "1996.11.15"]
[SourceQuality "1"]

1. c4 Nf6 2. g3 g6 3. Bg2 Bg7 4. Nc3 O-O 5. d4 d6 6. Nf3 Nc6 7. O-O e5 8. d5
Ne7 9. e4 Nd7 10. Ne1 f5 11. Nd3 Nf6 12. Bd2 h6 13. Rc1 fxe4 14. Nxe4 g5 15.
Nxf6+ Rxf6 16. c5 Ng6 17. Qb3 Rf7 18. Rc4 Bf5 19. Be4 Bxe4 20. Rxe4 Rb8 21. Be3
b6 22. cxd6 cxd6 23. Rc4 Bf8 24. Rfc1 Rbb7 25. Qd1 Qd7 26. f3 Qf5 27. Kg2 h5
28. Nf2 Rg7 29. Qc2 Qxc2 30. R4xc2 Nf4+ 31. Bxf4 exf4 32. Ne4 Rbf7 33. Rc8 Kh7
34. Rd8 fxg3 35. hxg3 Rf5 36. Rcc8 Be7 37. Rd7 Kg6 38. Re8 Bf8 39. Re6+ Kh7 40.
Rd8 Be7 41. Re8 Bf8 42. Nf6+ 1-0

[Event "Krasnodar op"]
[Site "Krasnodar"]
[Date "1996.??.??"]
[Round "3"]
[White "Zakharov, Alexander S"]
[Black "Savon, Vladimir A"]
[Result "0-1"]
[WhiteElo "2300"]
[BlackElo "2435"]
[PlyCount "92"]
[EventDate "1996.??.??"]
[EventType "swiss"]
[EventRounds "11"]
[EventCountry "RUS"]
[SourceTitle "EXT 2000"]
[Source "ChessBase"]
[SourceDate "1999.11.16"]
[SourceVersion "1"]
[SourceVersionDate "1999.11.16"]
[SourceQuality "1"]

1. e4 c5 2. Nf3 d6 3. d4 cxd4 4. Nxd4 Nf6 5. Nc3 a6 6. f4 Nbd7 7. a4 g6 8. Be2
Bg7 9. O-O O-O 10. Kh1 Qc7 11. a5 Nc5 12. Bf3 e5 13. Nb3 Nxb3 14. cxb3 Bd7 15.
Be3 Bc6 16. b4 Rfe8 17. fxe5 Rxe5 18. Rc1 Qd7 19. Bf4 Re6 20. Nd5 Bxd5 21. exd5
Ree8 22. Qd3 Rac8 23. h3 h6 24. Rfe1 Rxc1 25. Rxc1 Nh7 26. b3 Ng5 27. h4 Nxf3
28. Qxf3 h5 29. Be3 Be5 30. Bf4 Kg7 31. Rc4 Bxf4 32. Rxf4 Qe7 33. Qf1 Rc8 34.
Rc4 Re8 35. Rf4 Kg8 36. Qf3 Qe1+ 37. Kh2 Re3 38. Qf2 Qxf2 39. Rxf2 Rxb3 40. Rf6
Rxb4 41. Rxd6 Rxh4+ 42. Kg1 Rd4 43. Rd7 Rd2 44. d6 Kg7 45. Rxb7 Rxd6 46. Rb6
Re6 0-1

[Event "Krasnodar op"]
[Site "Krasnodar"]
[Date "1996.??.??"]
[Round "10"]
[White "Savon, Vladimir A"]
[Black "Provotorov, Alexandr P"]
[Result "1-0"]
[WhiteElo "2435"]
[BlackElo "2315"]
[PlyCount "124"]
[EventDate "1996.??.??"]
[EventType "swiss"]
[EventRounds "11"]
[EventCountry "RUS"]
[SourceTitle "EXT 2000"]
[Source "ChessBase"]
[SourceDate "1999.11.16"]
[SourceVersion "1"]
[SourceVersionDate "1999.11.16"]
[SourceQuality "1"]

1. d4 Nf6 2. Nf3 d6 3. g3 Nbd7 4. c4 e5 5. Nc3 g6 6. Bg2 Bg7 7. O-O O-O 8. h3
c6 9. e4 Ne8 10. Re1 Nc7 11. Be3 f5 12. exf5 gxf5 13. Qd2 Qf6 14. Bg5 Qf7 15.
Bh6 e4 16. Bxg7 Qxg7 17. Nh2 d5 18. cxd5 cxd5 19. Nf1 Nb6 20. f4 Ne6 21. Rad1
Bd7 22. Kh2 Rac8 23. Ne3 Bc6 24. Bf1 Kh8 25. Be2 Rf6 26. Rg1 Rg8 27. b3 Qh6 28.
Rdf1 Qf8 29. Nc2 Qd6 30. a4 a6 31. Nd1 Rc8 32. Nde3 Rf7 33. Rf2 Rd8 34. Nb4 Nc7
35. Rc1 Be8 36. Bh5 Rf8 37. Be2 a5 38. Nbc2 Ra8 39. Rff1 Ne6 40. Ra1 Bc6 41.
Ng2 Rf6 42. Nh4 Nc8 43. Ne3 Ne7 44. Rac1 Rff8 45. Rcd1 Rf6 46. Qb2 Rg8 47. Qc3
Ra8 48. Nc4 Qb4 49. Qxb4 axb4 50. Ne3 Bd7 51. g4 fxg4 52. f5 g3+ 53. Kxg3 Ng7
54. Kh2 Ngxf5 55. Nhxf5 Nxf5 56. Rc1 Rff8 57. Nxf5 Rxf5 58. Rxf5 Bxf5 59. Rc5
Be6 60. Kg3 Rc8 61. Bg4 Rg8 62. Kf4 Rf8+ 1-0

[Event "Zhukov Memorial"]
[Site "Spasskoe"]
[Date "1996.??.??"]
[Round "10"]
[White "Savon, Vladimir A"]
[Black "Rustemov, Alexander"]
[Result "1-0"]
[WhiteElo "2435"]
[BlackElo "2495"]
[PlyCount "89"]
[EventDate "1996.??.??"]
[EventType "tourn"]
[EventRounds "13"]
[EventCountry "RUS"]
[SourceTitle "EXT 1999"]
[Source "ChessBase"]
[SourceDate "1998.11.16"]
[SourceVersion "1"]
[SourceVersionDate "1998.11.16"]
[SourceQuality "1"]

1. d4 f5 2. Nf3 Nf6 3. g3 g6 4. b3 Bg7 5. Bb2 O-O 6. Bg2 d6 7. O-O Qe8 8. Nbd2
Nc6 9. Re1 e5 10. e4 f4 11. gxf4 Nh5 12. fxe5 dxe5 13. d5 Nd8 14. Nc4 Nf7 15.
Ba3 Nf4 16. Bxf8 Bxf8 17. Ne3 Bb4 18. Rf1 Bd7 19. a3 Bd6 20. b4 Qe7 21. Kh1 Rf8
22. Rg1 Kh8 23. Bf1 Nh6 24. Ng5 Nh5 25. f3 Rf4 26. Bh3 Be8 27. c4 b6 28. Rc1
Rh4 29. Qe1 Rf4 30. Qc3 Nf7 31. Nxf7+ Qxf7 32. c5 bxc5 33. bxc5 Bf8 34. Bg4
Rxf3 35. Bxf3 Qxf3+ 36. Ng2 Qf7 37. Rgf1 Qg7 38. Rxf8+ Qxf8 39. Qxe5+ Kg8 40.
d6 c6 41. Kg1 Bd7 42. Rf1 Qc8 43. Qe7 Bh3 44. e5 Ng7 45. Qf7+ 1-0

[Event "Petrov Memorial op"]
[Site "St Petersburg"]
[Date "1996.??.??"]
[Round "1"]
[White "Savon, Vladimir A"]
[Black "Vyzmanavin, Alexey"]
[Result "1-0"]
[WhiteElo "2435"]
[BlackElo "2610"]
[PlyCount "79"]
[EventDate "1996.02.??"]
[EventType "swiss"]
[EventRounds "9"]
[EventCountry "RUS"]
[SourceTitle "CBM 052"]
[Source "ChessBase"]
[SourceDate "1996.06.01"]
[SourceVersion "1"]
[SourceVersionDate "1996.06.01"]
[SourceQuality "1"]

1. d4 f5 2. g3 Nf6 3. Bg2 g6 4. Nf3 Bg7 5. O-O O-O 6. b3 d6 7. Bb2 Ng4 8. Nc3
Nc6 9. d5 Nce5 10. Nxe5 Nxe5 11. Qd2 c5 12. dxc6 bxc6 13. Na4 Bd7 14. c4 Rb8
15. c5 Be8 16. cxd6 exd6 17. Rfd1 d5 18. f4 Ng4 19. Bxg7 Kxg7 20. Qd4+ Kh6 21.
h3 Nf6 22. Qxa7 Bd7 23. Bf3 Ne4 24. Nc5 Rf7 25. Bxe4 Ra8 26. Nb7 Qf8 27. Qd4
fxe4 28. Kg2 Qe7 29. Nc5 Raf8 30. Nxd7 Qxd7 31. e3 g5 32. Rac1 Qe6 33. Rc3 gxf4
34. exf4 Qg6 35. Rf1 Rf6 36. Qe5 Re6 37. Qd4 Qe8 38. f5 Rd6 39. g4 Qe7 40. Rg3
1-0